000 00324nam a2200157Ia 4500
100 _aHorenstmann.Cay S.
490 _v1
942 _cBK
654 _aComputer
245 _aCore Java 1.1.
260 _bSun Microsoft Systems
_c1997
082 _a005.133'J'
_bhor/
300 _a630
546 _aENGLISH
999 _c19680
_d19680